Countries that Beat Bangladesh - Statistics

General Stats
  • This quiz has been taken 248 times
    40 since last reset
  • The average score is 11 of 15
Answer Stats
Rank Category Countries % Correct
8 (t) Longest border with a single country Canada | United States | Russia | Kazakhstan | Chile | Argentina | Mongolia | China
100%
4 Most rice produced India | China | Indonesia
100%
3 Most Hindus India | Nepal
100%
4 Most Muslims Indonesia | India | Pakistan
97%
7 Highest population density Monaco | Singapore | Bahrain | Vatican City | Maldives | Malta
97%
2 Largest garment exporter China
92%
2 Most populous country starting with a B Brazil
85%
5 Largest number of emigrants India | Mexico | Russia | China
82%
7 Largest fishery harvest China | Indonesia | India | Vietnam | Peru | Russia
79%
8 Most remittances received India | China | Philippines | Mexico | Pakistan | Egypt | France
67%
4 Largest contributor to UN Peacekeeping Forces Nepal | India | Rwanda
67%
4 Highest foreign aid recipient (2022) Ukraine | Syria | Egypt
64%
3 Longest beach Brazil | Australia
59%
2 Longest serving female head of government Germany
44%
3 Highest percentage of land cultivated Comoros | Tuvalu
10%
No matching quizzes found
Score Distribution
Percent of People with Each Score
Percentile by Number Answered
Your Score History
You have not taken this quiz since the last reset